Normal view
MARC view
- Miller, Mark A
Entry Personal Name
001 - CONTROL NUMBER
- control field: 62787
003 - CONTROL NUMBER IDENTIFIER
- control field: NUST
005 - DATE AND TIME OF LATEST TRANSACTION
- control field: 20210628203009.0
008 - FIXED-LENGTH DATA ELEMENTS
- fixed length control field: 210628|| aca||aabn | a|a d
040 ## - CATALOGING SOURCE
- Original cataloging agency: NUST
- Transcribing agency: NUST
100 ## - HEADING--PERSONAL NAME
- Personal name: Miller, Mark A
670 ## - SOURCE DATA FOUND
- Source citation: Work cat.: (NUST): Miller, Mark A, Internet technology hanbook, optimizing the ip network, 2004
